| 000 | 00619nam a2200193Ia 4500 | ||
|---|---|---|---|
| 008 | 220216s9999 xx 000 0 und d | ||
| 100 | _aKawahara Seiichi | ||
| 245 | 2 | _aA novel method for 13C-NMR spectroscopy of polymer in emulsion: Quantitative analysis of microstructure of crosslinked polybutadiene in latex | |
| 260 |
_bRubber Chemistry and Technology _c1999 |
||
| 300 | _a844-853 | ||
| 650 | _a13C-NMR spectroscopy | ||
| 650 | _aEmulsion | ||
| 650 | _aPolybutadiene | ||
| 700 | _aBushimata Saori | ||
| 700 | _aHashimoto Chihiro | ||
| 700 | _aSugiyama Takashi | ||
| 700 | _aTanaka Yasuyuki | ||
| 942 | _cJS | ||
| 999 |
_c53483 _d53483 |
||